[Event "World Junior Girls 2015"]
[Site "Khanty-Mansiysk RUS"]
[Date "2015.09.12"]
[Round "10.4"]
[White "Osmanodja, Filiz"]
[Black "Ziaziulkina, Nastassia"]
[Result "0-1"]
[WhiteTitle "WIM"]
[BlackTitle "IM"]
[WhiteElo "2309"]
[BlackElo "2401"]
[WhiteFideId "24633569"]
[BlackFideId "13505211"]
[EventDate "2015.09.02"]

1. e4 c5 2. Nf3 d6 3. d4 cxd4 4. Nxd4 Nf6 5. Nc3 a6 6. Be2 e6 7. O-O Be7 8. f4
O-O 9. Be3 Nc6 10. Qe1 Nxd4 11. Bxd4 b5 12. a3 Bb7 13. Qg3 g6 14. Bf3 a5 15.
Rae1 b4 16. axb4 axb4 17. Nd1 Rc8 18. Ne3 Re8 19. Qh3 Bc6 20. Rd1 Nxe4 21. Bxe4
Bxe4 22. Ng4 h5 23. Rfe1 d5 24. Nh6+ Kf8 25. g4 Bf6 26. gxh5 Bxd4+ 27. Rxd4 Qf6
28. Rxb4 gxh5 29. Qxh5 Rxc2 30. Rexe4 dxe4 31. Ng4 Qg7 32. Qg5 Qxg5 33. fxg5 Ra8
34. Ne3 Ra1+ 35. Nf1 e3 0-1

[Event "World Junior Girls 2015"]
[Site "Khanty-Mansiysk RUS"]
[Date "2015.09.12"]
[Round "10.5"]
[White "Bayarmaa, Bayarjargal"]
[Black "Makarenko, Alexandra"]
[Result "0-1"]
[WhiteTitle "WFM"]
[BlackTitle "WFM"]
[WhiteElo "2265"]
[BlackElo "2229"]
[WhiteFideId "4900260"]
[BlackFideId "4165055"]
[EventDate "2015.09.02"]

1. d4 Nf6 2. c4 c5 3. d5 d6 4. Nc3 g6 5. e4 Bg7 6. Nf3 O-O 7. h3 e6 8. Be2 exd5
9. exd5 Re8 10. O-O a6 11. Bf4 Ne4 12. Rc1 Bxc3 13. bxc3 Qf6 14. Bd2 Bf5 15. Re1
Nxd2 16. Nxd2 Re7 17. Bf1 h5 18. Qb3 Nd7 19. Rxe7 Qxe7 20. Qxb7 Rb8 21. Qxa6 Rb6
22. Qa8+ Rb8 23. Qa7 Bxh3 24. gxh3 Qg5+ 25. Bg2 Qxd2 26. Rf1 Rd8 27. Qc7 Qg5 28.
Qxd6 Ne5 29. f4 Rxd6 30. fxg5 Nxc4 31. Rf6 Rxf6 32. gxf6 Kf8 33. a4 Ke8 34. Bf1
Nb6 35. Bb5+ Kd8 36. a5 Nc8 37. Bd3 Nd6 38. Kg2 Kc7 39. h4 c4 40. Be2 Nf5 41.
Bxc4 Ne3+ 42. Kf3 Nxc4 43. Kf4 Nxa5 44. Ke5 Kd7 45. Ke4 Kd6 46. Kd4 Nb3+ 47. Ke4
Nd2+ 48. Ke3 Nc4+ 49. Kd4 Nb6 50. c4 Nd7 51. Kd3 Kc5 0-1

[Event "World Junior Girls 2015"]
[Site "Khanty-Mansiysk RUS"]
[Date "2015.09.12"]
[Round "10.6"]
[White "Gaboyan, Susanna"]
[Black "Navrotescu, Andreea-Cristiana"]
[Result "1-0"]
[BlackTitle "WFM"]
[WhiteElo "2107"]
[BlackElo "2263"]
[WhiteFideId "13303627"]
[BlackFideId "675946"]
[EventDate "2015.09.02"]

1. d4 Nf6 2. c4 e6 3. Nf3 d5 4. Bg5 Nbd7 5. cxd5 exd5 6. Nc3 Bb4 7. e3 c5 8. Bd3
Qa5 9. O-O c4 10. Bf5 O-O 11. Qc2 Re8 12. Bh4 g6 13. Bxd7 Nxd7 14. a3 Bxc3 15.
bxc3 Kg7 16. Bg3 Nb6 17. Nh4 Re6 18. Rfe1 Bd7 19. f4 f5 20. Nf3 Na4 21. Ne5 Be8
22. Rec1 Rb6 23. Rab1 Rxb1 24. Qxb1 b5 25. Qc2 Nb6 26. Qb2 Nc8 27. Bh4 Nd6 28.
Nf3 Qc7 29. Rb1 a5 30. Ne5 Rb8 31. Qc2 Ne4 32. Nf3 Qd6 33. Qb2 h6 34. Be1 Qc7
35. Nd2 Nf6 36. Bh4 Nd7 37. Nf3 Rb7 38. Ne5 Nb6 39. Qc2 Qd6 40. Qc1 Na4 41. Be1
Qe7 42. Ra1 Nb6 43. Qc2 Na8 44. h3 h5 45. g4 hxg4 46. hxg4 fxg4 47. Qh2 Qe6 48.
Qh4 Qf6 49. Qxg4 Qf5 50. Qh4 Qf6 51. Qh1 Nb6 52. Ra2 Kg8 53. Rh2 Bd7 54. Rh7 Bc8
55. Ng4 Bxg4 56. Rxb7 Bh5 57. Qh4 Qxh4 58. Bxh4 Na4 59. Be1 b4 60. axb4 axb4 61.
cxb4 Kf8 62. b5 Ke8 63. Ba5 Be2 64. Rc7 c3 65. b6 1-0

[Event "World Junior Girls 2015"]
[Site "Khanty-Mansiysk RUS"]
[Date "2015.09.12"]
[Round "10.7"]
[White "Derakhshani, Dorsa"]
[Black "Drogovoz, Irina"]
[Result "1-0"]
[WhiteTitle "WIM"]
[WhiteElo "2244"]
[BlackElo "2253"]
[WhiteFideId "12500330"]
[BlackFideId "4176715"]
[EventDate "2015.09.02"]

1. e4 c5 2. Nf3 d6 3. Bb5+ Nd7 4. d4 cxd4 5. Qxd4 a6 6. Bxd7+ Bxd7 7. c4 Rc8 8.
Nc3 h6 9. O-O e5 10. Qd3 Nf6 11. b3 Qc7 12. a4 Be7 13. Ba3 b5 14. axb5 axb5 15.
Nxb5 Bxb5 16. cxb5 O-O 17. Nd2 Qb7 18. Bb4 d5 19. Bxe7 Qxe7 20. exd5 Rfd8 21.
Nc4 Rxd5 22. Qf5 Rb8 23. b6 Qb4 24. Qf3 Rb5 25. Ra8 Rxa8 26. Qxa8+ Kh7 27. Qa4
Nd7 28. Qxb4 Rxb4 29. Rb1 f6 30. Kf1 Nxb6 31. Nxb6 Rxb6 32. Ke2 f5 33. b4 g5 34.
b5 Kg6 35. Kd3 Kf6 36. Kc4 e4 37. Kc5 Rb8 38. b6 f4 39. Rb3 Ke5 40. b7 h5 41.
Kc6 Kd4 42. Kc7 Rh8 43. b8=Q Rxb8 44. Rxb8 e3 45. fxe3+ fxe3 46. Kd6 e2 47. Re8
Kd3 48. Re5 Kd2 49. Ke6 e1=Q 50. Rxe1 Kxe1 51. Kf5 g4 52. g3 1-0

[Event "World Junior Girls 2015"]
[Site "Khanty-Mansiysk RUS"]
[Date "2015.09.12"]
[Round "10.8"]
[White "Fataliyeva, Ulviyya"]
[Black "Aulia, Medina Warda"]
[Result "1-0"]
[WhiteTitle "WIM"]
[BlackTitle "WGM"]
[WhiteElo "2301"]
[BlackElo "2417"]
[WhiteFideId "13403052"]
[BlackFideId "7101570"]
[EventDate "2015.09.02"]

1. e4 e6 2. Qe2 c5 3. Nf3 Nc6 4. g3 g6 5. Bg2 Bg7 6. O-O Nge7 7. c3 d6 8. Rd1 e5
9. a3 O-O 10. b4 Qb6 11. d3 f5 12. Qa2+ Kh8 13. Ng5 Nd8 14. Nd2 f4 15. Ngf3 Qc7
16. d4 cxd4 17. cxd4 exd4 18. Bb2 fxg3 19. hxg3 Be6 20. Qb1 Qb6 21. Nxd4 Rxf2
22. Kxf2 Bxd4+ 23. Ke1 Kg8 24. Bxd4 Qxd4 25. Nf1 Qe5 26. Qd3 Nf7 27. Rac1 Nc6
28. b5 Na5 29. Rc7 Nb3 30. Qc3 Qxb5 31. Rxd6 Bg4 32. Rd3 Ne5 33. Qxb3+ 1-0

[Event "World Junior Girls 2015"]
[Site "Khanty-Mansiysk RUS"]
[Date "2015.09.12"]
[Round "10.9"]
[White "Khomeriki, Nino"]
[Black "Rodriguez Rueda, Paula Andrea"]
[Result "1-0"]
[WhiteTitle "WFM"]
[BlackTitle "IM"]
[WhiteElo "2296"]
[BlackElo "2358"]
[WhiteFideId "13603191"]
[BlackFideId "4404564"]
[EventDate "2015.09.02"]

1. Nf3 d5 2. g3 e6 3. Bg2 Nf6 4. c4 dxc4 5. Qa4+ Bd7 6. Qxc4 c5 7. Ne5 Qc7 8.
Nxd7 Qxd7 9. O-O Nc6 10. b3 Be7 11. Bb2 O-O 12. d3 Rac8 13. Nd2 a6 14. Nf3 Rfd8
15. Ne5 Nxe5 16. Bxe5 Nd5 17. Qe4 b5 18. a4 f6 19. Bb2 f5 20. Qf3 bxa4 21. e4
Nf6 22. exf5 axb3 23. fxe6 Qxd3 24. Qb7 Kf8 25. Be5 c4 26. Rxa6 Qf5 27. Re1 Ng4
28. Bxg7+ Kg8 29. Rf1 Bc5 30. Bc3 Bxf2+ 31. Kh1 Ne5 32. e7 Re8 33. Qd5+ 1-0

[Event "World Junior Girls 2015"]
[Site "Khanty-Mansiysk RUS"]
[Date "2015.09.12"]
[Round "10.10"]
[White "Wozniak, Mariola"]
[Black "Mammadzada, Gunay"]
[Result "0-1"]
[WhiteTitle "WCM"]
[BlackTitle "WGM"]
[WhiteElo "2198"]
[BlackElo "2355"]
[WhiteFideId "1152050"]
[BlackFideId "13403729"]
[EventDate "2015.09.02"]

1. e4 c5 2. Nf3 d6 3. d4 cxd4 4. Nxd4 Nf6 5. Nc3 a6 6. Be2 e5 7. Nb3 Be7 8. O-O
O-O 9. Be3 Be6 10. Qd3 Nbd7 11. Nd5 Bxd5 12. exd5 Rc8 13. c4 Ne8 14. Rac1 g6 15.
Rfd1 b6 16. Qd2 Ng7 17. Na1 Nf5 18. b4 Nxe3 19. fxe3 f5 20. Nb3 Bg5 21. c5 f4
22. c6 Nf6 23. Bxa6 fxe3 24. Qe2 Rc7 25. Rf1 Kg7 26. Rcd1 Rcf7 27. Na1 Qc7 28.
Bc4 b5 29. Bxb5 Nxd5 30. Rxf7+ Qxf7 31. Rf1 Nf4 32. Qg4 e2 33. Rb1 Nh3+ 34. gxh3
Qf2+ 0-1

[Event "World Junior Girls 2015"]
[Site "Khanty-Mansiysk RUS"]
[Date "2015.09.12"]
[Round "10.11"]
[White "Sazonova, Anastasia"]
[Black "Pratyusha, Bodda"]
[Result "1-0"]
[WhiteTitle "WFM"]
[BlackTitle "WIM"]
[WhiteElo "2020"]
[BlackElo "2326"]
[WhiteFideId "24131008"]
[BlackFideId "5000629"]
[EventDate "2015.09.02"]

1. d4 d5 2. c4 e6 3. Nf3 c6 4. Nbd2 f5 5. g3 Nf6 6. Bg2 Bd6 7. O-O Nbd7 8. b3
O-O 9. Bb2 Qe8 10. Ne5 Qh5 11. Nd3 Ne4 12. Nf3 Rf6 13. Nfe5 Rh6 14. h3 Ndf6 15.
e3 Qe8 16. a4 Ng5 17. h4 Nge4 18. Qe1 Nh5 19. Ba3 Bxa3 20. Rxa3 a5 21. Nf4 g5
22. Nxh5 Qxh5 23. Bf3 Qe8 24. Bxe4 dxe4 25. hxg5 Rh5 26. Kg2 c5 27. dxc5 Qe7 28.
Ra1 Rxg5 29. Rd1 h5 30. Qd2 h4 31. Qd8+ Qxd8 32. Rxd8+ Kg7 33. Nd7 1-0

[Event "World Junior Girls 2015"]
[Site "Khanty-Mansiysk RUS"]
[Date "2015.09.12"]
[Round "10.12"]
[White "Michelle Catherina, P"]
[Black "Paredes Bustamante, Paula"]
[Result "1/2-1/2"]
[WhiteTitle "WIM"]
[BlackTitle "WFM"]
[WhiteElo "2259"]
[BlackElo "2156"]
[WhiteFideId "5005736"]
[BlackFideId "3804992"]
[EventDate "2015.09.02"]

1. c4 Nf6 2. Nc3 d5 3. cxd5 Nxd5 4. g3 g6 5. Bg2 Nxc3 6. bxc3 Bg7 7. f4 c5 8.
Qb3 Qc7 9. Ba3 O-O 10. Rb1 Nd7 11. Nh3 Rb8 12. O-O b6 13. Qa4 Nf6 14. e4 Rd8 15.
Bc1 Bd7 16. Qc2 c4 17. Ba3 Bc6 18. Rbe1 a5 19. Ng5 Rd3 20. Bc1 Qb7 21. Rf2 h6
22. Nh3 Nxe4 23. Rfe2 Nxg3 24. Rxe7 Qa8 25. Bxc6 Qxc6 26. Nf2 Rbd8 27. R7e3 Rxe3
28. Rxe3 Nf5 29. Qe4 Qc5 30. Re1 Bf6 31. Kf1 Kg7 32. Ng4 Rd6 33. Nxf6 Rxf6 34.
Qe5 Qc6 35. Qe4 Qxe4 36. Rxe4 Nd6 37. Rd4 g5 38. Kg2 gxf4 39. Kf3 Kg6 40. a4 h5
41. Ba3 Nf5 42. Rxc4 Kg5 43. Rc7 Nh4+ 44. Kf2 Ng6 45. d4 Kf5 46. c4 Re6 47.
Rxf7+ Ke4 48. d5 Re8 49. d6 Rd8 50. Rg7 Ne5 51. Re7 Kf5 52. Rc7 Ng4+ 53. Kg2 Ne5
54. Kf2 Rg8 55. Kf1 Rd8 56. h3 f3 57. c5 bxc5 58. Bxc5 Nd3 59. Rf7+ Ke4 60. Re7+
Kd5 61. Bb6 Rxd6 62. Bxa5 Ra6 63. Rd7+ Ke4 64. Re7+ Kd5 65. Rd7+ 1/2-1/2

[Event "World Junior Girls 2015"]
[Site "Khanty-Mansiysk RUS"]
[Date "2015.09.12"]
[Round "10.14"]
[White "Amrayeva, Aytan"]
[Black "Terbe, Julianna"]
[Result "1/2-1/2"]
[WhiteTitle "WCM"]
[BlackTitle "WFM"]
[WhiteElo "2145"]
[BlackElo "2233"]
[WhiteFideId "13405101"]
[BlackFideId "708780"]
[EventDate "2015.09.02"]

1. c4 c6 2. d4 d5 3. cxd5 cxd5 4. Nc3 Nf6 5. Bf4 Qb6 6. Qd2 Nc6 7. e3 Bf5 8. Nf3
e6 9. Bd3 Ne4 10. Bxe4 Bxe4 11. O-O Bb4 12. Ng5 Bf5 13. a3 Bxc3 14. Qxc3 O-O 15.
b4 Rfc8 16. Rfc1 a5 17. Qc5 Qd8 18. Qb5 Qd7 19. Nf3 f6 20. Nd2 axb4 21. axb4 Qe7
22. Qc5 Qxc5 23. bxc5 e5 24. dxe5 fxe5 25. Bg3 Nb4 26. Nf3 Nd3 27. Rf1 Rxa1 28.
Rxa1 Rxc5 29. Nxe5 Nxe5 30. Bxe5 1/2-1/2

[Event "World Junior Girls 2015"]
[Site "Khanty-Mansiysk RUS"]
[Date "2015.09.12"]
[Round "10.15"]
[White "Utiatskaja, Irina"]
[Black "Vasova, Maria"]
[Result "0-1"]
[WhiteTitle "WFM"]
[WhiteElo "2201"]
[BlackElo "2069"]
[WhiteFideId "24140848"]
[BlackFideId "2900955"]
[EventDate "2015.09.02"]

1. e4 c6 2. d4 d5 3. Nc3 g6 4. h3 Bg7 5. Nf3 dxe4 6. Nxe4 Nd7 7. Bd3 Ngf6 8.
Nxf6+ Nxf6 9. O-O O-O 10. Re1 Qc7 11. Bg5 Be6 12. c4 Rad8 13. Qd2 Ne8 14. Qe3
Bf6 15. Bxf6 exf6 16. Qh6 Nd6 17. Qf4 Kg7 18. Rac1 Qd7 19. g4 h6 20. b3 Rfe8 21.
Bb1 Nc8 22. Red1 Qd6 23. Qd2 Ne7 24. Kg2 Rh8 25. Rc3 Qd7 26. Nh2 h5 27. Qf4 g5
28. Qg3 hxg4 29. hxg4 Rh4 30. f3 Rdh8 31. Rh1 Qxd4 32. Rc2 Ng6 33. Kf1 Qd1+ 34.
Qe1 Qxe1+ 35. Kxe1 Ne5 36. Rf2 Rh3 37. Be4 Ng6 38. Bxg6 Kxg6 39. Kf1 f5 40.
gxf5+ Kxf5 41. Kg2 Kf4 42. Rff1 Rg3+ 43. Kf2 Bh3 44. Rfg1 Rxg1 45. Rxg1 Bf5 46.
Ng4 Rh3 47. Ke2 Rxf3 48. Nh6 Bd3+ 49. Kd2 f5 50. Nf7 g4 51. Rh1 Be4 52. Rh2 Kg3
53. Rh5 f4 54. Ng5 Rf2+ 55. Ke1 Bf3 56. Rh7 Re2+ 57. Kf1 Rxa2 58. Nxf3 Kxf3 59.
Ke1 g3 0-1

[Event "World Junior Girls 2015"]
[Site "Khanty-Mansiysk RUS"]
[Date "2015.09.12"]
[Round "10.16"]
[White "Kusenkova, Natallia"]
[Black "Drogovoz, Maria"]
[Result "1-0"]
[BlackTitle "WFM"]
[WhiteElo "2155"]
[BlackElo "1924"]
[WhiteFideId "13506501"]
[BlackFideId "4176731"]
[EventDate "2015.09.02"]

1. d4 Nf6 2. Nf3 e6 3. g3 b6 4. Bg2 Bb7 5. O-O Be7 6. c4 O-O 7. d5 exd5 8. Nh4
Re8 9. cxd5 d6 10. Nc3 c5 11. Re1 Nbd7 12. Nf5 Bf8 13. e4 a6 14. a4 Rb8 15. f4
g6 16. Nh4 b5 17. axb5 axb5 18. b3 b4 19. Na4 Bg7 20. Bb2 Nh5 21. Bxg7 Nxg7 22.
Nb2 g5 23. fxg5 Qxg5 24. Nc4 Qh6 25. Qg4 Nf6 26. Qf4 Qxf4 27. gxf4 Rbd8 28. Bf3
Nfh5 29. f5 f6 30. Ng2 Kf8 31. Kf2 Ke7 32. Ra7 Rd7 33. Rea1 Rb8 34. Bg4 Kd8 35.
Kf3 Ke7 36. Nge3 Kd8 37. Nd1 Ke7 38. Ndb2 Kd8 39. Nd3 Ke7 40. Kg2 Bc8 41. Kh3
Rdb7 42. Kh4 Nxf5+ 43. exf5 1-0

[Event "World Junior Girls 2015"]
[Site "Khanty-Mansiysk RUS"]
[Date "2015.09.12"]
[Round "10.17"]
[White "Lingur, Zalina"]
[Black "Badamkhand, Norovsambuu"]
[Result "1-0"]
[WhiteTitle "WFM"]
[WhiteElo "2128"]
[BlackElo "2001"]
[WhiteFideId "34165670"]
[BlackFideId "4901681"]
[EventDate "2015.09.02"]

1. e4 c6 2. d4 d5 3. Nd2 dxe4 4. Nxe4 Bf5 5. Ng3 Bg6 6. Nh3 e6 7. Nf4 Bd6 8. c3
Nf6 9. h4 Bxf4 10. Bxf4 h6 11. h5 Bh7 12. Qb3 Qe7 13. Be2 Nd5 14. Bd2 Qc7 15. c4
Ne7 16. Qa3 Na6 17. O-O O-O 18. Qf3 Qd7 19. Bc3 c5 20. dxc5 Nxc5 21. Rad1 Qc7
22. Qg4 e5 23. b4 Ne6 24. c5 Nc6 25. Bc4 Rae8 26. Rfe1 Kh8 27. Nf5 Bxf5 28. Qxf5
Ned4 29. Qb1 a6 30. a4 f6 31. Ba2 Ra8 32. Qg6 f5 33. Bb1 Rf6 34. Qg3 Qf7 35.
Bxd4 exd4 36. b5 axb5 37. axb5 Na7 38. Bd3 Rf8 39. Ra1 Nc8 40. Qe5 Qxh5 41. Qxd4
Qf7 42. Bc4 Qg6 43. Ra8 Re8 44. Rxe8+ Qxe8 45. c6 bxc6 46. b6 Kh7 47. b7 Qe1+
48. Bf1 Rd6 49. Qxd6 Nxd6 50. b8=Q Ne4 51. Qb2 c5 52. Ra1 1-0

[Event "World Junior Girls 2015"]
[Site "Khanty-Mansiysk RUS"]
[Date "2015.09.12"]
[Round "10.18"]
[White "Bengtsson, Jessica"]
[Black "Assaubayeva, Bibissara"]
[Result "0-1"]
[BlackTitle "WFM"]
[WhiteElo "2056"]
[BlackElo "2241"]
[WhiteFideId "1711083"]
[BlackFideId "13708694"]
[EventDate "2015.09.02"]

1. e4 d6 2. d4 Nf6 3. Nc3 g6 4. Nf3 Bg7 5. h3 O-O 6. Be3 a6 7. Bd3 b5 8. a4 b4
9. Ne2 Bb7 10. Ng3 d5 11. e5 Ne4 12. O-O c5 13. Bxe4 dxe4 14. Ng5 cxd4 15. Qxd4
Qxd4 16. Bxd4 Nc6 17. c3 bxc3 18. Bxc3 Nxe5 19. N5xe4 Rac8 20. Rfd1 Rc4 21. Nd2
Rc7 22. Nb3 e6 23. Na5 Bd5 24. Ne2 Rb8 25. Nf4 Ba8 26. Rd6 Nc6 27. Nxc6 Rxc6 28.
Rad1 Bxc3 29. bxc3 Rbc8 30. Ne2 Bb7 31. Rd8+ Kg7 32. Rxc8 Bxc8 33. f4 Kf6 34.
Kf2 Ke7 35. Ke3 Bd7 36. Rd4 Rc5 37. Rb4 Ra5 38. Nd4 Rxa4 39. Rb6 a5 40. Kd3 Ra2
41. Ne2 a4 42. c4 a3 43. Ra6 Kd8 44. g4 Ra1 45. Nc3 Kc7 46. c5 h5 47. gxh5 gxh5
48. Kc2 Rf1 49. Rxa3 Rxf4 50. Kd3 f5 51. Ra7+ Kc6 52. Nb5 Kxb5 53. Rxd7 Kxc5 54.
Ke3 Rh4 55. Kf3 Rxh3+ 56. Kf4 Rh1 57. Rd2 h4 58. Re2 Kd6 59. Rd2+ Ke7 0-1

[Event "World Junior Girls 2015"]
[Site "Khanty-Mansiysk RUS"]
[Date "2015.09.12"]
[Round "10.19"]
[White "Ivanova, Karina"]
[Black "Monnisha, G K"]
[Result "1/2-1/2"]
[WhiteTitle "WFM"]
[BlackTitle "WFM"]
[WhiteElo "2177"]
[BlackElo "2004"]
[WhiteFideId "24139750"]
[BlackFideId "5009936"]
[EventDate "2015.09.02"]

1. d4 Nf6 2. c4 e6 3. Nf3 d5 4. cxd5 exd5 5. Nc3 c6 6. Bg5 Be7 7. Qc2 g6 8. e3
Bf5 9. Bd3 Bxd3 10. Qxd3 Nbd7 11. O-O O-O 12. Nd2 Re8 13. Rae1 Kg7 14. f3 Nh5
15. Bxe7 Qxe7 16. e4 Qg5 17. Qe3 Qxe3+ 18. Rxe3 Re6 19. Ree1 Rae8 20. e5 Kg8 21.
f4 f5 22. g3 Ng7 23. b4 Ra8 24. b5 Nb6 25. Nb3 Re7 26. bxc6 bxc6 27. Nc5 Nc4 28.
Re2 Rb8 29. Rb1 Ree8 30. Rb3 Kf7 31. Kf2 Ke7 32. Re1 Rb6 33. N3a4 Ra8 34. Ke2 h6
35. Reb1 Ne6 36. Nxe6 Kxe6 37. Kd3 Kd7 38. Rxb6 axb6 39. Nxb6+ Nxb6 40. Rxb6
Ra3+ 41. Rb3 Rxa2 42. Rb7+ Ke6 43. Rg7 Rxh2 44. Rxg6+ Kd7 45. Rg7+ Ke8 46. Kc3
Rg2 47. Rg6 Kd7 48. Kd3 Rg1 49. Ke2 Rg2+ 50. Ke3 Rg1 51. Rxh6 Rxg3+ 52. Ke2 Rg2+
53. Kf3 Rd2 54. Ke3 Rd1 55. Rf6 Re1+ 56. Kd3 Rd1+ 57. Kc3 Rc1+ 58. Kd2 Rc4 59.
Kd3 Ra4 60. Rxf5 Ra3+ 61. Kc2 Ra4 62. Kc3 Ra3+ 63. Kb4 Rd3 64. Rf7+ Ke6 65. Rf6+
Kd7 66. Rf7+ Ke6 1/2-1/2

[Event "World Junior Girls 2015"]
[Site "Khanty-Mansiysk RUS"]
[Date "2015.09.12"]
[Round "10.20"]
[White "Thomas, Anysia"]
[Black "Gelip, Ioana"]
[Result "1-0"]
[WhiteElo "2035"]
[BlackElo "2139"]
[WhiteFideId "670472"]
[BlackFideId "1202260"]
[EventDate "2015.09.02"]

1. d4 Nf6 2. Nf3 e6 3. c4 Bb4+ 4. Nbd2 b6 5. g3 Bb7 6. Bg2 O-O 7. O-O c5 8. dxc5
Bxc5 9. a3 d5 10. b4 Be7 11. Nd4 Nc6 12. Nxc6 Bxc6 13. Bb2 Rc8 14. cxd5 Bxd5 15.
e4 Bb7 16. Re1 Qd7 17. e5 Nd5 18. Ne4 a5 19. Qg4 Kh8 20. Rad1 Rc2 21. Ba1 Qc7
22. Nd6 axb4 23. axb4 Ba8 24. Be4 Ra2 25. Rc1 Qd7 26. Red1 Rxa1 27. Rxa1 f5 28.
exf6 Bxd6 29. Bxd5 Bxd5 30. Rxd5 1-0

[Event "World Junior Girls 2015"]
[Site "Khanty-Mansiysk RUS"]
[Date "2015.09.12"]
[Round "10.21"]
[White "Milosevic, Jovana"]
[Black "Garifullina, Leya"]
[Result "1/2-1/2"]
[WhiteTitle "WFM"]
[WhiteElo "2117"]
[BlackElo "1776"]
[WhiteFideId "900427"]
[BlackFideId "34127035"]
[EventDate "2015.09.02"]

1. Nf3 d5 2. d4 Nf6 3. c4 e6 4. e3 c6 5. Nc3 Nbd7 6. Bd3 dxc4 7. Bxc4 b5 8. Bd3
Bb7 9. O-O a6 10. Ne4 Nxe4 11. Bxe4 Nf6 12. Bd3 c5 13. dxc5 Bxc5 14. Qe2 Qe7 15.
a3 O-O 16. e4 e5 17. b4 Bd6 18. Nh4 Bc8 19. Qf3 Be6 20. Bg5 Rfd8 21. Rac1 Rac8
22. Qe2 h6 23. Nf5 Bxf5 24. Bxf6 Qxf6 25. exf5 Bb8 26. Be4 Qb6 27. Qg4 Rxc1 28.
Rxc1 Ba7 29. Qe2 Qd4 30. h3 f6 31. Bb1 Qf4 32. Rf1 Rd2 33. Qe1 Kh7 34. Be4 Bxf2+
35. Rxf2 Rxf2 36. Qxf2 Qxe4 37. g4 Qf4 38. Qxf4 exf4 39. Kf2 g5 40. fxg6+ Kxg6
41. h4 f5 42. Kf3 fxg4+ 43. Kxg4 f3 44. Kxf3 Kf5 45. Kg3 h5 46. Kf3 1/2-1/2

[Event "World Junior Girls 2015"]
[Site "Khanty-Mansiysk RUS"]
[Date "2015.09.12"]
[Round "10.22"]
[White "Voskresenskaya, Marta"]
[Black "Hoare, Amy B"]
[Result "0-1"]
[WhiteElo "1703"]
[BlackElo "2088"]
[WhiteFideId "34127795"]
[BlackFideId "418366"]
[EventDate "2015.09.02"]

1. d4 Nf6 2. c4 g6 3. Nf3 Bg7 4. Nc3 d5 5. cxd5 Nxd5 6. e4 Nxc3 7. bxc3 c5 8.
Bb5+ Nc6 9. Bxc6+ bxc6 10. Qa4 cxd4 11. cxd4 O-O 12. Be3 c5 13. Rd1 Bd7 14. Qc2
Qa5+ 15. Bd2 Qa6 16. Qxc5 Ba4 17. Rc1 Rac8 18. Qa3 Rxc1+ 19. Bxc1 Rc8 20. Be3
Rc2 21. Bd2 Bh6 22. g3 Qc4 23. Ng5 Bxg5 24. f4 Bf6 25. e5 Qxd4 26. Qe3 Qa1+ 27.
Ke2 Bb5+ 28. Kf2 Qxh1 0-1

[Event "World Junior Girls 2015"]
[Site "Khanty-Mansiysk RUS"]
[Date "2015.09.12"]
[Round "10.23"]
[White "Saranya, J"]
[Black "Barbier, Astrid"]
[Result "1-0"]
[WhiteTitle "WFM"]
[WhiteElo "2144"]
[BlackElo "1835"]
[WhiteFideId "5031931"]
[BlackFideId "200395"]
[EventDate "2015.09.02"]

1. e4 e5 2. Nf3 Nc6 3. Bc4 Nf6 4. d3 Be7 5. O-O O-O 6. Re1 d6 7. c3 Na5 8. Bb5
c6 9. Ba4 b5 10. Bc2 c5 11. Nbd2 Nc6 12. Nf1 Qc7 13. Ne3 Be6 14. Ng5 Rab8 15.
Qf3 Qb7 16. Nxe6 fxe6 17. Qh3 Qd7 18. Bb3 Nd8 19. Nf5 Kh8 20. Nxe7 Qxe7 21. f4
Nd7 22. Rf1 Rc8 23. Be3 a5 24. fxe5 Rxf1+ 25. Rxf1 Nxe5 26. Bg5 Qe8 27. Bxd8
Rxd8 28. Bxe6 Qe7 29. Bd5 h6 30. Qe3 Rf8 31. Rxf8+ Qxf8 32. h3 Qf6 33. d4 cxd4
34. Qxd4 Qg5 35. Qf2 Qd8 36. Kh2 b4 37. c4 Nd3 38. Qf7 Nxb2 39. e5 dxe5 40. c5
Na4 41. c6 e4 42. c7 1-0

[Event "World Junior Girls 2015"]
[Site "Khanty-Mansiysk RUS"]
[Date "2015.09.12"]
[Round "10.24"]
[White "Leonardi, Caterina"]
[Black "Musaeva, Shakhnazi"]
[Result "1-0"]
[WhiteElo "2080"]
[BlackElo "1586"]
[WhiteFideId "14601036"]
[BlackFideId "13801643"]
[EventDate "2015.09.02"]

1. d4 Nf6 2. c4 e6 3. Nf3 b6 4. g3 Ba6 5. b3 Bb4+ 6. Bd2 Be7 7. Bg2 c6 8. O-O d5
9. Ne5 O-O 10. Bc3 Bb7 11. Nd2 Na6 12. e4 dxe4 13. Nxe4 Qc7 14. Nxf6+ Bxf6 15.
Ng4 Be7 16. Rc1 Rad8 17. Qe2 Bb4 18. Bb2 Qe7 19. Rcd1 Rfe8 20. Ne5 Nb8 21. h4
Ba3 22. Ba1 c5 23. h5 Bxg2 24. Kxg2 Qb7+ 25. Kg1 Nc6 26. Nxc6 Qxc6 27. h6 e5 28.
dxe5 Qxh6 29. Rd5 Ra8 30. Rfd1 Qh3 31. Qf3 Rf8 32. Rd7 Bc1 33. Rxf7 Bh6 34.
Rxf8+ Rxf8 35. Qd5+ Kh8 36. e6 1-0

[Event "World Junior Girls 2015"]
[Site "Khanty-Mansiysk RUS"]
[Date "2015.09.13"]
[Round "11.1"]
[White "Makarenko, Alexandra"]
[Black "Buksa, Nataliya"]
[Result "1/2-1/2"]
[WhiteTitle "WFM"]
[BlackTitle "WFM"]
[WhiteElo "2229"]
[BlackElo "2199"]
[WhiteFideId "4165055"]
[BlackFideId "14123622"]
[EventDate "2015.09.02"]

1. e4 c5 2. Nf3 e6 3. d4 cxd4 4. Nxd4 a6 5. Bd3 Bc5 6. Nb3 Ba7 7. Nc3 Nc6 8. Qe2
d6 9. Be3 b5 10. Bxa7 Rxa7 11. Qe3 Nge7 12. f4 O-O 13. O-O f5 14. Rae1 Rc7 15.
Nd4 Nxd4 16. Qxd4 Rc6 17. a4 bxa4 18. Nxa4 Qc7 19. e5 a5 20. Rf3 Rd8 21. Qf2 d5
22. Nc3 Ba6 23. Bxa6 Rxa6 24. Nb5 Qb8 25. Nd4 Re8 26. Rb3 Qa7 27. Ra1 Rb8 28.
Nxf5 Rxb3 29. Qxa7 Rxa7 30. Nxe7+ Rxe7 31. cxb3 Rb7 32. Rxa5 Rxb3 33. f5 exf5
34. e6 Kf8 35. Rxd5 g6 36. Rd2 Re3 37. Kf2 Rxe6 38. b4 Rb6 39. Rb2 Ke7 40. Ke3
Kd6 41. Kd4 g5 42. b5 f4 43. Ke4 Ke6 44. Rb1 Kf6 45. h4 h6 46. Rb3 Ke6 47. h5
Kf6 48. Rb1 Ke6 49. Kd4 Kf5 50. Kc5 Rb8 51. Kc6 g4 52. Kc7 Rf8 53. b6 f3 54.
gxf3 gxf3 55. Rd1 Kg4 56. b7 f2 57. b8=Q Rxb8 58. Kxb8 Kxh5 59. Rf1 Kg4 60. Rxf2
h5 61. Kc7 h4 62. Kd6 Kg3 63. Rf8 h3 64. Rg8+ Kf2 65. Rh8 Kg2 66. Ke5 h2 67. Kf4
h1=Q 68. Rxh1 Kxh1 1/2-1/2